| 000 | 00000nas 2200000zi 4500 |
| 001 | 9.872021 |
| 003 | CaOODSP |
| 005 | 20240802101904 |
| 006 | m o d f |
| 007 | cr ||||||||||| |
| 008 | 190424d19711985oncar p o f0###a0eng|d |
| 022 | # |y0383-5006 |
| 040 | |aCaOODSP|beng|erda|cCaOODSP |
| 043 | |an-cn--- |
| 086 | 1 |aC1E-PDF |zC1-1970|zC1-1971|zId1-1976|zId1-1977|zId1-1978|zId1-1979E|zId1-1980E|zId1-1981E |
| 110 | 1 |aCanada. |bDepartment of Industry, Trade and Commerce. |
| 245 | 10|aAnnual report of the Department of Industry, Trade and Commerce. |
| 246 | 32|aAnnual report |
| 246 | 3 |iTitle for 1982/83 : |aAnnual reports ... Department of Industry, Trade and Commerce and Department of Regional Economic Expansion |
| 246 | 3 |iTitle for 1983/84 : |aAnnual reports … Department of Industry, Trade and Commerce, Department of Regional Economic Expansion and Department of Regional Industrial Expansion |
| 264 | 1|a[Ottawa] : |bDepartment of Industry, Trade, and Commerce, |c1971-1985. |
| 310 | |aAnnual |
| 336 | |atext|btxt|2rdacontent |
| 337 | |acomputer|bc|2rdamedia |
| 338 | |aonline resource|bcr|2rdacarrier |
| 362 | 1 |aBegan with April 1, 1969 to March 31, 1970; ceased with 1983/1984. |
| 500 | |aIssued also in French under title: Rapport annuel du Ministère de l'Industrie et du Commerce. |
| 500 | |aDigitized edition from print [produced by Innovation, Science and Economic Development Canada]. |
| 692 | 07|2gccst|aIndustries |
| 692 | 07|2gccst|aCommerce |
| 775 | 08|tRapport annuel du Ministère de l'Industrie et du Commerce.|w(CaOODSP)9.872040 |
| 780 | 00|tAnnual report ...|w(CaOODSP)9.940696 |
| 780 | 00|tAnnual report of the Department of Trade and Commerce ...|w(CaOODSP)9.941427 |
| 785 | 00|tAnnual report.|w(CaOODSP)9.872107 |